Nghiên cứu sự phức đơn phối tử của Y(III) với Xilen da cam bằng phương pháp trắc quang

Sơ lược về nguyên tố đất hiếm, vị trí và cấu tạo của nguyên tố đất hiếm. Các phương pháp nghiên cứu phức chất...

保存先:
書誌詳細
第一著者: Ngô. Thị Cẩm Chinh (Tác giả)
その他の著者: Phạm Văn Hai TS. (Người hướng dẫn)
フォーマット: 図書
言語:Vietnamese
出版事項: Đà Nẵng ĐH Sư Phạm 2009
シリーズ:Khóa luận tốt nghiệp. Chuyên ngành: Cử nhân Hóa
主題:
タグ: タグ追加
タグなし, このレコードへの初めてのタグを付けませんか!
Thư viện lưu trữ: Mạng thư viện Đại học Đà Nẵng
LEADER 01413nam a2200349 4500
001 000012052
003 8336
005 20120216150237.0
008 120215s2009 viesd
041 |a vie 
072 |a Khóa luận tốt nghiệp 
082 |a 661  |b NG-C 
100 |a Ngô. Thị Cẩm Chinh  |e Tác giả 
245 |a Nghiên cứu sự phức đơn phối tử của Y(III) với Xilen da cam bằng phương pháp trắc quang  |c Ngô. Thị Cẩm Chinh 
260 |a Đà Nẵng  |b ĐH Sư Phạm  |c 2009 
300 |a 45 tr  |c 29 cm 
490 |a Khóa luận tốt nghiệp. Chuyên ngành: Cử nhân Hóa 
500 |a Khoa Hóa học 
520 |a Sơ lược về nguyên tố đất hiếm, vị trí và cấu tạo của nguyên tố đất hiếm. Các phương pháp nghiên cứu phức chất... 
653 |a Xilen da cam 
653 |a Trắc quang 
700 |a Phạm Văn Hai  |c TS.  |e Người hướng dẫn 
OWN |a LSP 
AVA |a UDN50  |b LSP  |d 661 NG-C  |e available  |t Error 5001 Not defined in file expand_doc_bib_avail.  |f 1  |g 0  |h N  |i 0  |k 1 
999 |a From the UDN01 
AVA |a UDN50  |b LSP  |d 661 NG-C  |e available  |t Error 5001 Not defined in file expand_doc_bib_avail.  |f 1  |g 0  |h N  |i 0  |k 1 
TYP |a Monograph 
TYP |a Printed language 
980 |a Mạng thư viện Đại học Đà Nẵng